000 00548nam a2200169 i 4500
001 79538
003 ES-MaACL
005 20250801063027.0
007 t|
008 041021s1961 sp ||||1| spa d
100 1 _aHernández Sánchez-Barba, Mario,
_d1925-2021
_963053
245 1 4 _aLas tensiones históricas hispanoamericanas en el siglo XX /
_cMario Hernández Sánchez-Barba.
260 _aMadrid :
_bGuadarrama,
_c[1961]
300 _a286 p., 17 lám. ;
_c20 cm.
852 _aES-MaACL
_jC-20323
_bR.49057
999 _c79538
_d79538